Music Quiz

Random Music Quiz

Springsteen Swedish concert setlists 2005 Quiz Stats

 Plays Quiz not verified by Sporcle

Challenge
Share
Tweet
Embed
Score 0/51 Timer 10:00
0 Plays Today
Show Song % Correct
2005-06-23 - Scandinavium, GothenburgThe Rising
82.4%
2005-06-25 - Hovet, StockholmThe Rising
82.4%
2005-06-25 - Hovet, StockholmThe River
64.7%
2005-06-23 - Scandinavium, GothenburgDevils & Dust
61.8%
2005-06-25 - Hovet, StockholmDevils & Dust
61.8%
2005-06-23 - Scandinavium, GothenburgLonesome Day
58.8%
2005-06-23 - Scandinavium, GothenburgThe Promised Land
50%
2005-06-25 - Hovet, StockholmThe Promised Land
50%
2005-06-23 - Scandinavium, GothenburgReason to Believe
47.1%
2005-06-23 - Scandinavium, GothenburgReno
47.1%
2005-06-25 - Hovet, StockholmReason to Believe
47.1%
2005-06-25 - Hovet, StockholmThe Promise
47.1%
2005-06-25 - Hovet, StockholmReno
47.1%
2005-06-23 - Scandinavium, GothenburgInto the Fire
41.2%
2005-06-23 - Scandinavium, GothenburgLong Time Comin'
41.2%
2005-06-25 - Hovet, StockholmLong Time Comin'
41.2%
2005-06-25 - Hovet, StockholmPoint Blank
41.2%
2005-06-23 - Scandinavium, GothenburgState Trooper
38.2%
2005-06-23 - Scandinavium, GothenburgDream Baby Dream
38.2%
2005-06-25 - Hovet, StockholmDownbound Train (TOUR PREMIERE)
38.2%
2005-06-25 - Hovet, StockholmMy Hometown
38.2%
2005-06-25 - Hovet, StockholmDream Baby Dream
38.2%
2005-06-23 - Scandinavium, GothenburgAll I'm Thinkin' About
35.3%
2005-06-23 - Scandinavium, GothenburgHighway Patrolman
35.3%
2005-06-23 - Scandinavium, GothenburgJesus Was an Only Son
35.3%
2005-06-23 - Scandinavium, GothenburgThe Hitter
35.3%
Show Song % Correct
2005-06-23 - Scandinavium, GothenburgMatamoros Banks
35.3%
2005-06-23 - Scandinavium, GothenburgBobby Jean
35.3%
2005-06-23 - Scandinavium, GothenburgMaria's Bed
35.3%
2005-06-25 - Hovet, StockholmAll I'm Thinkin' About
35.3%
2005-06-25 - Hovet, StockholmJesus Was an Only Son
35.3%
2005-06-25 - Hovet, StockholmThe Hitter
35.3%
2005-06-25 - Hovet, StockholmMatamoros Banks
35.3%
2005-06-25 - Hovet, StockholmRamrod
35.3%
2005-06-25 - Hovet, StockholmBobby Jean
35.3%
2005-06-23 - Scandinavium, GothenburgFade Away (TOUR PREMIERE)
32.4%
2005-06-23 - Scandinavium, GothenburgRacing in the Street
32.4%
2005-06-23 - Scandinavium, GothenburgThis Hard Land
32.4%
2005-06-25 - Hovet, StockholmThis Hard Land
32.4%
2005-06-25 - Hovet, StockholmBlinded By the Light (TOUR PREMIERE)
32.4%
2005-06-23 - Scandinavium, GothenburgLucky Town
29.4%
2005-06-25 - Hovet, StockholmLucky Town
29.4%
2005-06-23 - Scandinavium, GothenburgCadillac Ranch
26.5%
2005-06-25 - Hovet, StockholmBlack Cowboys
26.5%
2005-06-25 - Hovet, StockholmAcross the Border (TOUR PREMIERE)
26.5%
2005-06-23 - Scandinavium, GothenburgHighway 29
23.5%
2005-06-23 - Scandinavium, GothenburgIncident on 57'th Street
23.5%
2005-06-25 - Hovet, StockholmPart Man, Part Monkey
20.6%
2005-06-25 - Hovet, StockholmWalk Like a Man (TOUR PREMIERE)
20.6%
2005-06-23 - Scandinavium, GothenburgReal World
17.6%
2005-06-25 - Hovet, StockholmEmpty Sky
17.6%

You're not logged in!

Compare scores with friends on all Sporcle quizzes.
Join for Free
OR
Log In

You Might Also Like...

Show Comments

Extras

Top Quizzes Today


Score Distribution

Your Account Isn't Verified!

In order to create a playlist on Sporcle, you need to verify the email address you used during registration. Go to your Sporcle Settings to finish the process.

Report this User

Report this user for behavior that violates our Community Guidelines.

Details: